00407nam a2200157Ia 4500008004100000020001800041082001800059100001600077245004300093250000600136260003800142300001600180500002500196650001000221700001800231230524s9999 xx 000 0 und d a9788131518793 a624.1513bDAS aBraja M.Das 0aPrinciples of Geotechnical Engineering a7 aNew DelhibCengage Learningc2013 a"xiv,655p;" aQuantity Number: 32 aCivil aKhaled Sobhan